000 01662nam a2200481 i 4500
001 654
003 KOSZ 005
005 20200525141542.0
008 021015s1977 pl a f f |000 0 pol
015 _aUWD 1977/11110
035 _a991019625829705066
035 _a(PL-WaBN)b15319398-48omnis_nlop
035 _ab15319398
035 _a(OCoLC)749433037
035 _a(PL)b0000001531939
035 _a(EXLNZ-48OMNIS_NETWORK)9910310053905606
040 _aWA N
_cWA N
_dKOSZ 005/HR
041 0 _apol
080 _a69
080 _a624
080 _a(075.8)
100 1 _aPawłowski, Paweł
_c(budownictwo)
_eAutor
245 1 0 _aBudownictwo ogólne /
_cPaweł Pawłowski.
260 _aWarszawa :
_bPaństwowe Wydawnictwo Naukowe,
_c1977.
300 _a599, [1] s. :
_bilustracje ;
_c24 cm.
336 _aTekst
_btxt
_2rdacontent
337 _aBez urządzenia pośredniczącego
_bn
_2rdamedia
338 _aWolumin
_bnc
_2rdacarrier
380 _aKsiążki
380 _aPublikacje dydaktyczne
385 _mPoziom nauczania
_aSzkoły wyższe
388 _a1901-2000
388 _a1945-1989
504 _aBibliografia, wykaz podstawowych norm.
521 8 _aPodręcznik dla studentów wydziałów budownictwa lądowego wyższych szkół technicznych i akademii rolniczo-technicznych.
650 7 _aBudownictwo
_2DBN
655 7 _aPodręczniki akademickie
_2DBN
658 _aArchitektura i budownictwo
710 2 _4pbl
_aPaństwowe Wydawnictwo Naukowe
856 _uhttp://koha.tu.koszalin.pl/cgi-bin/koha/opac-detail.pl?biblionumber=654
_yKatalog online BPK
942 _2UKD
_cKS
999 _c654
_d654